• 首页
  • 本馆介绍
  • 公告通知
  • 最新文献
  • 馆藏检索
  • 电子资源
  • 读者导购
  • 参考咨询
  • 我的图书馆
  • 登录
  • 详细信息显示
  • 放入我的书架
  • 预约/预借图书
  • 作者相关作品
  • 分类相关作品
  • 丛书相关作品
  • 出版社相关作品

书目信息

  • 表格格式
  • 工作单格式
  • 卡片格式
题名:
英语学习词典史
    
 
作者: Cowie A.P. 著 ;霍庆文 导读
分册:  
出版信息: 北京   外语教学与研究出版社  2002
页数: 49,242页
开本: 23cm
丛书名: 当代国外语言学与应用语言学文库
单 册:
中图分类: H316 , H310.42
科图分类:
主题词: 英语--词典--历史--英文 , 词典 , 英语
电子资源:
ISBN: 7-5600-3011-4
000 01131nam0 2200337 450
000 01099nam0 2200325 450
000 01032nam0 2200301 450
000 00996nam0 2200289 45
005 20070802164005.68
010    @a7-5600-3011-4@dCNY24.90
100    @a20070730d2002 em y0chiy0120 ea
101 1  @achi@ceng
102    @aCN@b110000
105    @ay z 001yy
200 1  @a英语学习词典史@AYing Yu Xue Xi Ci Dian Shi@fA.P.Cowie著@FA.P.Cowie Zhu@g霍庆文导读
210    @a北京@c外语教学与研究出版社@d2002
215    @a49,242页@d23cm
225 2  @a当代国外语言学与应用语言学文库
305    @a牛津大学出版社授权出版
330    @a本书论述了英语学习词典从20世纪20、30年代到80年代末的发展变化,总结了英语学习词典呈现出的十大发展趋势。
410  0 @12001 @a当代国外语言学与应用语言学文库
510 1  @aEnglish Dictionaries for Foreign Learners: A History@zeng
606 0  @a英语@x词典@x历史@x英文
606 0  @a词典
606 0  @a英语
690    @aH316@v4
690    @aH310.42@v3
701  1 @aCowie A.P.@4著
702  0 @a霍庆文@AHuo Qing Wen@4导读
801  0 @aCN@bTAOJIN@c20070802
905    @a10447@dH310.42@e1363
    
    英语学习词典史/A.P.Cowie著/霍庆文导读.-北京:外语教学与研究出版社,2002
    49,242页;23cm.-(当代国外语言学与应用语言学文库)
    
    
    ISBN 7-5600-3011-4:CNY24.90
    本书论述了英语学习词典从20世纪20、30年代到80年代末的发展变化,总结了英语学习词典呈现出的十大发展趋势。
●
相关链接 在E读中查询图书 在五车中查询图书 在当当中查询图书 在豆瓣中查询图书


正题名:英语学习词典史     索取号:H310.42/1363         预约/预借

序号 登录号 条形码 馆藏地/架位号 状态 备注
1 0826728   208267285   第二样本阅览室/ [索取号:H310.42/1363] 在馆    
2 0826729   208267294   第四借阅区/ [索取号:H310.42/1363] 在馆    
3 0826730   208267301   第四借阅区/ [索取号:H310.42/1363] 在馆    
4 0826731   208267310   第四借阅区/ [索取号:H310.42/1363] 在馆    
5 0826732   208267329   第四借阅区/ [索取号:H310.42/1363] 在馆    
唐山师范学院图书馆 欢迎您!
大连网信软件有限公司© 版权所有